000 00307nam a2200109 4500
008 240222b |||||||| |||| 00| 0 eng d
245 _aLogos-Vol. 23, no. 3 (October 1984)
246 _aSri Lanka's ethnic problem
260 _aColombo :
_bCentre for society & Religion,
_c1984
300 _b120 p.
942 _cCR
999 _c4784
_d4784